Tell me more # 5 / (Record no. 13351)

MARC details
000 -LEADER
fixed length control field 04160nam a22005177a 4500
005 - DATE AND TIME OF LATEST TRANSACTION
control field 20080606112216.0
010 ## - LCCN (DPL NO)
LC control number B-265975-993
020 ## - INTERNATIONAL STANDARD BOOK NUMBER
International Standard Book Number 8175734795
Terms of availability 150.00
035 ## - SYSTEM CONTROL NUMBER
System control number B-265975-993
037 ## - SOURCE OF ACQUISITION
Source of stock number/acquisition Blueberry Books
082 ## - DEWEY DECIMAL CLASSIFICATION NUMBER
Classification number 030
100 ## - MAIN ENTRY--PERSONAL NAME
Personal name D.S. Sam [and] K.S. Kohli
245 ## - TITLE STATEMENT
Title Tell me more # 5 /
Statement of responsibility, etc written & edited by D.S. Sam [and] K.S. Kohli
260 ## - PUBLICATION, DISTRIBUTION, ETC. (IMPRINT)
Place of publication, distribution, etc Delhi
Name of publisher, distributor, etc TinyTot Publications
Date of publication, distribution, etc 2003
260 ## - PUBLICATION, DISTRIBUTION, ETC. (IMPRINT)
Name of publisher, distributor, etc Blue Berry (Vender)
270 ## - ADDRESS
Address 235, Jagriti Enclave, Viaks Marg,
City Delhi
Postal code 110092
300 ## - PHYSICAL DESCRIPTION
Extent 128p.:
Other physical details col. ill.
Dimensions 24 cm (Hb)
700 ## - ADDED ENTRY--PERSONAL NAME
Personal name Kohli, K.S.
9 (RLIN) 25995
700 ## - ADDED ENTRY--PERSONAL NAME
Personal name Sam, D.S.
9 (RLIN) 25996
700 ## - ADDED ENTRY--PERSONAL NAME
Personal name Sam, D.S.
9 (RLIN) 25997
700 ## - ADDED ENTRY--PERSONAL NAME
Personal name Sultan Ahmad
9 (RLIN) 25998
700 ## - ADDED ENTRY--PERSONAL NAME
Personal name Sam, D.S.
9 (RLIN) 25999
942 ## - ADDED ENTRY ELEMENTS (KOHA)
Source of classification or shelving scheme Dewey Decimal Classification
Item type Children Books
Classification part 030
Call number suffix TEL
Holdings
Withdrawn status Lost status Not for loan Collection code Home library Current library Date acquired Source of acquisition Cost, normal purchase price Full call number Barcode Copy number Cost, replacement price Koha item type
      Non-fiction Andrews Gunj Andrews Gunj 15/02/2011 Blueberry/4452/8.05.08/5/8.4..08/5.6.08 150.00 030 TEL B-265986 1 150.00 Children Books
      Non-fiction Central Library Central Library 15/02/2011 Blueberry/4452/8.05.08/5/8.4..08/5.6.08 150.00 030 TEL B-265980 1 150.00 Children Books
      Non-fiction Karol Bagh Karol Bagh 15/02/2011 Blueberry/4452/8.05.08/5/8.4..08/5.6.08 150.00 030 TEL B-265990 1 150.00 Children Books
      Non-fiction Kasturba Gandhi Marg Kasturba Gandhi Marg 15/02/2011 Blueberry/4452/8.05.08/5/8.4..08/5.6.08 150.00 030 TEL B-265982 1 150.00 Children Books
      Non-fiction Mobile Library Mobile Library 15/02/2011 Blueberry/4452/8.05.08/5/8.4..08/5.6.08 150.00 030 TEL B-265975 4 150.00 Children Books
      Non-fiction Mobile Library Mobile Library 15/02/2011 Blueberry/4452/8.05.08/5/8.4..08/5.6.08 150.00 030 TEL B-265976 4 150.00 Children Books
      Non-fiction Mobile Library Mobile Library 15/02/2011 Blueberry/4452/8.05.08/5/8.4..08/5.6.08 150.00 030 TEL B-265977 4 150.00 Children Books
      Non-fiction Mobile Library Mobile Library 15/02/2011 Blueberry/4452/8.05.08/5/8.4..08/5.6.08 150.00 030 TEL B-265978 4 150.00 Children Books
      Non-fiction Netaji Nagar Netaji Nagar 15/02/2011 Blueberry/4452/8.05.08/5/8.4..08/5.6.08 150.00 030 TEL B-265988 1 150.00 Children Books
      Non-fiction New Police Line New Police Line 15/02/2011 Blueberry/4452/8.05.08/5/8.4..08/5.6.08 150.00 030 TEL B-265979 1 150.00 Children Books
      Non-fiction Patel Nagar Patel Nagar 15/02/2011 Blueberry/4452/8.05.08/5/8.4..08/5.6.08 150.00 030 TEL B-265981 1 150.00 Children Books
Written off Written-off vide DLB M. No. 388 dt 23.02.22   Non-fiction Peshwa Road Peshwa Road 15/02/2011 Blueberry/4452/8.05.08/5/8.4..08/5.6.08 150.00 030 TEL B-265983 1 150.00 Children Books
      Non-fiction R.C.Libraries (zls) R.C.Libraries (zls) 15/02/2011 Blueberry/4452/8.05.08/5/8.4..08/5.6.08 150.00 030 TEL B-265992 2 150.00 Children Books
      Non-fiction R.C.Libraries (zls) R.C.Libraries (zls) 15/02/2011 Blueberry/4452/8.05.08/5/8.4..08/5.6.08 150.00 030 TEL B-265993 2 150.00 Children Books
      Non-fiction R.K.Puram-8 R.K.Puram-8 15/02/2011 Blueberry/4452/8.05.08/5/8.4..08/5.6.08 150.00 030 TEL B-265985 1 150.00 Children Books
      Non-fiction Sarojini Nagar Sarojini Nagar 15/02/2011 Blueberry/4452/8.05.08/5/8.4..08/5.6.08 150.00 030 TEL B-265984 1 150.00 Children Books
      Non-fiction Shahdara Branch Shahdara Branch 15/02/2011 Blueberry/4452/8.05.08/5/8.4..08/5.6.08 150.00 030 TEL B-265991 1 150.00 Children Books
      Non-fiction Sriniwas Puri Sriniwas Puri 15/02/2011 Blueberry/4452/8.05.08/5/8.4..08/5.6.08 150.00 030 TEL B-265987 1 150.00 Children Books
      Non-fiction Vinoba Puri Vinoba Puri 02/09/2008 Blueberry/4571/19.8.08/192/21.7.08/19.8.08 150.00 030 TEL B-284666 1 150.00 Children Books
      Non-fiction Vinoba Puri Vinoba Puri 15/02/2011 Blueberry/4452/8.05.08/5/8.4..08/5.6.08 150.00 030 TEL B-265989 1 150.00 Children Books

© Delhi Public Library
Hit Counter
free hit counter